[Event "Vienna Chess Open 2019"]
[Site "Vienna"]
[Date "2019.08.24"]
[Round "9.11"]
[White "Janzelj, Tim"]
[Black "Swicarz, Maciej"]
[Result "1-0"]
[WhiteElo "2435"]
[BlackElo "2341"]
[Annotator "ChessBase"]
[PlyCount "147"]
[EventDate "2019.08.17"]
[EventType "swiss"]
[EventCountry "AUT"]
[SourceTitle "playchess.com"]
[Source "ChessBase"]
[SourceQuality "1"]
[TimeControl "40/5400+30:1800+30"]

1. d4 {[%emt 0:00:00]} e6 {[%emt 0:00:08]} 2. e4 {[%emt 0:02:18]} d5 {[%emt 0:00:02]} 3. Nd2 {[%emt 0:00:08]} dxe4 {[%emt 0:00:59]} 4. Nxe4 {[%emt 0:00:11]} Bd7 {[%emt 0:02:00]} 5. Nf3 {[%emt 0:05:18]} Bc6 {[%emt 0:00:04]} 6. Ng3 {[%emt 0:05:50]} Bxf3 {[%emt 0:01:03]} 7. Qxf3 {[%emt 0:00:13]} c6 {[%emt 0:00:07]} 8. c3 {[%emt 0:00:28]} Nf6 {[%emt 0:00:35]} 9. Bc4 {[%emt 0:04:21]} Bd6 {[%emt 0:03:16]} 10. O-O {[%emt 0:02:51]} Nbd7 {[%emt 0:00:44]} 11. a4 {[%emt 0:08:59]} Qc7 {[%emt 0:01:20]} 12. a5 {[%emt 0:00:56]} O-O {[%emt 0:03:25]} 13. a6 {[%emt 0:05:01]} b5 {[%emt 0:04:43]} 14. Bd3 {[%emt 0:00:25]} Rab8 {[%emt 0:01:33]} 15. Ne4 {[%emt 0:16:53]} Nxe4 {[%emt 0:08:31]} 16. Bxe4 {[%emt 0:03:38]} Rb6 {[%emt 0:03:55]} 17. g3 {[%emt 0:01:39]} Nf6 {[%emt 0:06:01]} 18. Bd3 {[%emt 0:00:54]} Qc8 {[%emt 0:16:06]} 19. b3 {[%emt 0:11:12]} Rxa6 {[%emt 0:01:33]} 20. Bg5 {[%emt 0:00:01]} Be7 {[%emt 0:03:47]} 21. c4 {[%emt 0:02:35]} b4 {[%emt 0:03:59]} 22. Rxa6 {[%emt 0:11:48]} Qxa6 {[%emt 0:00:05]} 23. Qf4 {[%emt 0:00:46]} Rd8 {[%emt 0:06:31]} 24. Re1 {[%emt 0:06:57]} Qb6 {[%emt 0:17:29]} 25. c5 {[%emt 0:03:52]} Qb8 {[%emt 0:00:01]} 26. Qxb8 {[%emt 0:01:17]} Rxb8 {[%emt 0:00:03]} 27. Ra1 {[%emt 0:00:06]} Rb7 {[%emt 0:01:22]} 28. Ra6 {[%emt 0:00:11]} Rc7 {[%emt 0:01:49]} 29. Bf4 {[%emt 0:00:33]} Rd7 {[%emt 0:04:37]} 30. Rxc6 {[%emt 0:00:42]} Rxd4 {[%emt 0:00:13]} 31. Bc4 {[%emt 0:00:45]} Ne8 {[%emt 0:05:36]} 32. Bb5 {[%emt 0:04:15]} Rd8 {[%emt 0:00:11]} 33. Be3 {[%emt 0:00:26]} Rb8 {[%emt 0:01:38]} 34. Bc4 {[%emt 0:00:31]} Ra8 {[%emt 0:02:54]} 35. Ba6 {[%emt 0:00:51]} Kf8 {[%emt 0:00:24]} 36. Bf4 {[%emt 0:00:23]} g5 {[%emt 0:00:30]} 37. Be5 {[%emt 0:00:39]} Rd8 {[%emt 0:00:20]} 38. Bb5 {[%emt 0:00:32]} f6 {[%emt 0:00:43]} 39. Bb2 {[%emt 0:00:23]} e5 {[%emt 0:00:18]} 40. Kg2 {[%emt 0:00:12]} Ng7 {[%emt 0:00:44]} 41. g4 {[%emt 0:04:06]} h5 {[%emt 0:08:00]} 42. h3 {[%emt 0:01:15]} hxg4 {[%emt 0:06:43]} 43. hxg4 {[%emt 0:00:02]} Rb8 {[%emt 0:00:23]} 44. Bc4 {[%emt 0:01:53]} Ne8 {[%emt 0:02:48]} 45. Kf3 {[%emt 0:07:01]} Rb7 {[%emt 0:02:44]} 46. Bc1 {[%emt 0:07:21]} Nc7 {[%emt 0:06:36]} 47. Be3 {[%emt 0:01:26]} Bd8 {[%emt 0:01:47]} 48. Rd6 {[%emt 0:01:13]} Rb8 {[%emt 0:01:47]} 49. Rd7 {[%emt 0:02:15]} Rc8 {[%emt 0:01:28]} 50. Rh7 {[%emt 0:03:27]} a5 {[%emt 0:02:30]} 51. c6 {[%emt 0:00:16]} Ne6 {[%emt 0:00:37]} 52. Bxe6 {[%emt 0:01:20]} Rxc6 {[%emt 0:00:01]} 53. Rf7+ {[%emt 0:03:26]} Ke8 {[%emt 0:00:06]} 54. Bd7+ {[%emt 0:00:06]} Kxf7 {[%emt 0:00:08]} 55. Bxc6 {[%emt 0:00:03]} Ke6 {[%emt 0:01:24]} 56. Ke4 {[%emt 0:00:01]} Kd6 {[%emt 0:00:12]} 57. Ba4 {[%emt 0:00:21]} Bc7 {[%emt 0:00:19]} 58. f3 {[%emt 0:00:28]} Bd8 {[%emt 0:00:35]} 59. Kf5 {[%emt 0:00:27]} Kd5 {[%emt 0:00:16]} 60. Be8 {[%emt 0:00:14]} Kd6 {[%emt 0:00:26]} 61. Ba7 {[%emt 0:00:51]} Ke7 {[%emt 0:00:43]} 62. Bb5 {[%emt 0:00:18]} Kd6 {[%emt 0:00:04]} 63. Bc4 {[%emt 0:00:08]} Kd7 {[%emt 0:01:33]} 64. Bc5 {[%emt 0:00:03]} Kc6 {[%emt 0:00:46]} 65. Bf8 {[%emt 0:00:09]} Kb6 {[%emt 0:00:15]} 66. Ke6 {[%emt 0:00:21]} Kc6 {[%emt 0:00:01]} 67. Bd6 {[%emt 0:00:42]} Bb6 {[%emt 0:00:56]} 68. Be7 {[%emt 0:00:15]} Be3 {[%emt 0:00:08]} 69. Bxf6 {[%emt 0:00:11]} Kc5 {[%emt 0:00:07]} 70. Bxe5 {[%emt 0:01:03]} a4 {[%emt 0:00:05]} 71. Bd6+ {[%emt 0:00:04]} Kd4 {[%emt 0:00:18]} 72. Bxb4 {[%emt 0:00:06]} Bd2 {[%emt 0:00:39]} 73. Bxd2 {[%emt 0:00:12]} a3 {[%emt 0:00:06]} 74. Bxg5 {[%emt 0:00:21]} 1-0

[Event "Vienna Chess Open 2019"]
[Site "Vienna"]
[Date "2019.08.24"]
[Round "9.11"]
[White "Gungl, Theo"]
[Black "Fernandez Garcia, Jose Luis"]
[Result "0-1"]
[WhiteElo "2344"]
[BlackElo "2407"]
[Annotator "TA"]
[PlyCount "110"]
[EventDate "2019.08.17"]
[EventType "swiss"]
[EventCountry "AUT"]
[SourceTitle "playchess.com"]
[Source "ChessBase"]
[SourceQuality "1"]

{[%evp 22,128,-18,-17,-6,-6,-5,-25,41,30,20,22,37,6,13,17,10,6,8,3,0,0,0,-3,-4,-11,-6,-16,-17,-17,-23,-41,-41,-49,-35,-43,-34,-37,-37,-37,-28,-43,-46,-37,-24,-92,-93,-91,-92,-99,-80,-80,-47,-92,-55,-66,-50,-50,-50,-66,-66,-66,-68,-91,-91,-91,-59,-60,-37,-91,-91,-91,-91,-91,-91,-91,-91,-92,-92,-420,-406,-29962,-29966,-29970,-29967,-29957,-29968,-29968,-29969,-29969,-29970,-29970,-29971,-29971,-29972,-29978,-29979,-29979,-29980,-29979,-29971,-29970,-29972,-29974,-29975,-29970,-29972,-7581,-5135]} 1. d4 Nf6 2. c4 g6 3. g3 Bg7 4. Bg2 d5 5. cxd5 Nxd5 6. Nf3 Nb6 7. O-O Nc6 8. e3 e5 9. dxe5 Qxd1 10. Rxd1 Nxe5 11. Nd4 O-O 12. Nc3 c5 {D76: Fianchetto Grünfeld: Main Line with 7...Nb6} (12... c6 13. h3 Rd8 14. a4 c5 15. Ndb5 Rxd1+ 16. Nxd1 Bd7 17. Bxb7 Rb8 18. Bg2 Nxa4 19. Rxa4 Bxb5 20. Rxa7 {½-½ (29) Mkrtchian,L (2436)-Moser,E (2383) Nalchik 2008}) 13. Nde2 Bg4 14. h3 $146 ({Predecessor:} 14. f4 Nec4 15. Kf2 Rad8 16. h3 Bxe2 17. Kxe2 Rxd1 18. Nxd1 Nd6 19. Rb1 c4 20. Bd2 Re8 21. Bc3 Bxc3 22. Nxc3 Nf5 23. Kf2 Re7 24. e4 {½-½ (24) Altenbernd,D (1902)-Kuhn,G (2030) Heusenstamm 2016}) 14... Bf3 (14... Bxe2 $11 15. Nxe2 Rfd8) 15. Bxf3 $14 Nxf3+ 16. Kg2 Ne5 17. b3 Rfd8 18. Rxd8+ Rxd8 19. Ba3 Nd3 {...Nd5 is the strong threat.} 20. Rd1 Rd7 21. Kf1 f5 22. Rd2 a6 23. Rc2 Kf7 24. Nb1 Nd5 25. Rd2 Nf6 {Hoping for ...Ne4.} 26. Nf4 Nxf4 27. gxf4 b6 28. Bb2 Rxd2 29. Nxd2 Nd5 30. Bxg7 Kxg7 $15 {[%mdl 4096] Endgame KN-KN} 31. a4 b5 32. axb5 axb5 33. Ke2 (33. Nf3 $1 $11 {keeps the balance.}) 33... Kh6 $1 $17 34. Kf3 Nc3 $1 35. Kg2 Ne4 36. Nb1 c4 37. bxc4 bxc4 38. Na3 c3 39. Nc2 Kh5 40. f3 Nc5 41. Kg3 Nd3 42. Kg2 Kh4 43. Kh2 h6 44. Kg2 Nb2 45. Kh2 (45. Nd4 $15) 45... Nc4 46. Kg2 Nb6 47. Kh2 Nd5 48. Kg2 g5 49. fxg5 hxg5 50. Kh2 $2 {[%mdl 8192] [#]} (50. Kf1 $17) 50... f4 $1 $19 {[%cal Rf4e3]} 51. exf4 (51. e4 $19 Ne3 52. Nb4) 51... gxf4 52. Nd4 Ne3 53. Ne2 c2 54. Kg1 Nf5 55. Kg2 {[#]} Kg5 {Played: Nf5-d4} 0-1

[Event "Vienna Chess Open 2019"]
[Site "Vienna"]
[Date "2019.08.24"]
[Round "9.11"]
[White "Pacan-Milej, Kosma"]
[Black "Buckels, Valentin"]
[Result "1/2-1/2"]
[WhiteElo "2288"]
[BlackElo "2453"]
[Annotator "ChessBase"]
[PlyCount "91"]
[EventDate "2019.08.17"]
[EventType "swiss"]
[EventCountry "AUT"]
[SourceTitle "playchess.com"]
[Source "ChessBase"]
[SourceQuality "1"]
[TimeControl "40/5400+30:1800+30"]

1. d4 {[%emt 0:00:00]} Nf6 {[%emt 0:00:00]} 2. c4 {[%emt 0:00:00]} e6 {[%emt 0:00:00]} 3. Nc3 {[%emt 0:00:00]} Bb4 {[%emt 0:00:00]} 4. Qc2 {[%emt 0:00:00]} O-O {[%emt 0:00:42]} 5. a3 {[%emt 0:00:00]} Bxc3+ {[%emt 0:00:05]} 6. Qxc3 {[%emt 0:00:00]} d6 {[%emt 0:00:07]} 7. Bg5 {[%emt 0:00:00]} Nbd7 {[%emt 0:00:13]} 8. e3 {[%emt 0:00:07]} b6 {[%emt 0:00:10]} 9. Ne2 {[%emt 0:00:15]} c5 {[%emt 0:00:23]} 10. Qc2 {[%emt 0:00:31]} Qc7 {[%emt 0:01:05]} 11. Rd1 {[%emt 0:05:47]} Ba6 {[%emt 0:00:07]} 12. Nc3 {[%emt 0:04:20]} d5 {[%emt 0:00:06]} 13. cxd5 {[%emt 0:08:05]} Bxf1 {[%emt 0:00:28]} 14. Kxf1 {[%emt 0:01:17]} Nxd5 {[%emt 0:00:09]} 15. Nxd5 {[%emt 0:02:59]} exd5 {[%emt 0:00:08]} 16. dxc5 {[%emt 0:03:21]} Qc6 {[%emt 0:00:51]} 17. f3 {[%emt 0:10:22]} bxc5 {[%emt 0:04:24]} 18. Kf2 {[%emt 0:00:10]} Rac8 {[%emt 0:10:39]} 19. Rd2 {[%emt 0:09:36]} Rfe8 {[%emt 0:04:22]} 20. Rhd1 {[%emt 0:00:18]} Nb6 {[%emt 0:00:21]} 21. b3 {[%emt 0:01:15]} h6 {[%emt 0:13:36]} 22. Bf4 {[%emt 0:00:30]} a5 {[%emt 0:05:23]} 23. Bg3 {[%emt 0:09:24]} a4 {[%emt 0:06:21]} 24. bxa4 {[%emt 0:04:27]} Qxa4 {[%emt 0:06:12]} 25. Qxa4 {[%emt 0:08:29]} Nxa4 {[%emt 0:00:25]} 26. Rc2 {[%emt 0:01:45]} Nb6 {[%emt 0:01:15]} 27. a4 {[%emt 0:01:56]} Ra8 {[%emt 0:07:19]} 28. a5 {[%emt 0:05:35]} Rxa5 {[%emt 0:07:28]} 29. Bc7 {[%emt 0:00:05]} Re6 {[%emt 0:00:34]} 30. Rb1 {[%emt 0:07:24]} Ra6 {[%emt 0:01:34]} 31. Bxb6 {[%emt 0:00:08]} Raxb6 {[%emt 0:00:12]} 32. Rxb6 {[%emt 0:00:06]} Rxb6 {[%emt 0:00:03]} 33. Rxc5 {[%emt 0:00:05]} Rb2+ {[%emt 0:00:11]} 34. Kg3 {[%emt 0:01:00]} Rd2 {[%emt 0:00:09]} 35. Rc8+ {[%emt 0:00:12]} Kh7 {[%emt 0:00:02]} 36. Rd8 {[%emt 0:04:40]} Kg6 {[%emt 0:00:24]} 37. Rd6+ {[%emt 0:02:38]} f6 {[%emt 0:04:56]} 38. h4 {[%emt 0:05:01]} h5 {[%emt 0:01:12]} 39. Rd7 {[%emt 0:00:42]} Kh6 {[%emt 0:01:21]} 40. Rd6 {[%emt 0:00:09]} Kh7 {[%emt 0:00:14]} 41. Kh3 {[%emt 0:34:50]} Kg6 {[%emt 0:31:59]} 42. Rd7 {[%emt 0:00:05]} Rd3 {[%emt 0:01:57]} 43. Kg3 {[%emt 0:00:06]} Kh6 {[%emt 0:04:41]} 44. Rd6 {[%emt 0:00:23]} Rxe3 {[%emt 0:00:12]} 45. Rxd5 {[%emt 0:00:06]} Re6 {[%emt 0:00:04]} 46. Rd8 {[%emt 0:01:33]} 1/2-1/2

[Event "Vienna Chess Open 2019"]
[Site "Vienna"]
[Date "2019.08.24"]
[Round "9.12"]
[White "Fedorovsky, Michael"]
[Black "Kummer, Helmut"]
[Result "1/2-1/2"]
[WhiteElo "2441"]
[BlackElo "2285"]
[Annotator "ChessBase"]
[PlyCount "86"]
[EventDate "2019.08.17"]
[EventType "swiss"]
[EventCountry "AUT"]
[SourceTitle "playchess.com"]
[Source "ChessBase"]
[SourceQuality "1"]
[TimeControl "40/5400+30:1800+30"]

1. d4 {[%emt 0:00:00]} Nf6 {[%emt 0:00:00]} 2. Nf3 {[%emt 0:00:00]} g6 {[%emt 0:00:17]} 3. g3 {[%emt 0:00:16]} c5 {[%emt 0:01:45]} 4. c3 {[%emt 0:04:18]} b6 {[%emt 0:00:45]} 5. Bg2 {[%emt 0:02:01]} Bb7 {[%emt 0:00:05]} 6. Qb3 {[%emt 0:05:21]} e6 {[%emt 0:12:22]} 7. O-O {[%emt 0:00:10]} Na6 {[%emt 0:04:39]} 8. Bf4 {[%emt 0:05:59]} Bg7 {[%emt 0:01:08]} 9. Na3 {[%emt 0:06:38]} O-O {[%emt 0:04:02]} 10. Nb5 {[%emt 0:18:01]} d5 {[%emt 0:03:03]} 11. Rfd1 {[%emt 0:09:19]} Bc6 {[%emt 0:12:36]} 12. Ne5 {[%emt 0:02:38]} Bb7 {[%emt 0:07:44]} 13. Qa3 {[%emt 0:02:51]} Nh5 {[%emt 0:06:50]} 14. Be3 {[%emt 0:01:03]} Nc7 {[%emt 0:02:39]} 15. Nxc7 {[%emt 0:02:24]} Qxc7 {[%emt 0:00:05]} 16. f4 {[%emt 0:02:14]} c4 {[%emt 0:01:26]} 17. Rf1 {[%emt 0:04:11]} f6 {[%emt 0:01:15]} 18. Nf3 {[%emt 0:03:25]} f5 {[%emt 0:00:19]} 19. Qa4 {[%emt 0:01:12]} Bc6 {[%emt 0:02:01]} 20. Qc2 {[%emt 0:00:31]} b5 {[%emt 0:00:05]} 21. Ne5 {[%emt 0:01:08]} a5 {[%emt 0:00:16]} 22. b3 {[%emt 0:01:00]} Rfb8 {[%emt 0:01:08]} 23. bxc4 {[%emt 0:00:49]} bxc4 {[%emt 0:00:08]} 24. Rab1 {[%emt 0:01:03]} Be8 {[%emt 0:00:41]} 25. Rxb8 {[%emt 0:04:42]} Rxb8 {[%emt 0:00:05]} 26. Rb1 {[%emt 0:00:03]} Nf6 {[%emt 0:00:38]} 27. Rb2 {[%emt 0:01:28]} Bf8 {[%emt 0:03:10]} 28. Qb1 {[%emt 0:00:32]} Rxb2 {[%emt 0:00:04]} 29. Qxb2 {[%emt 0:00:02]} a4 {[%emt 0:00:09]} 30. Bd2 {[%emt 0:02:54]} Bd6 {[%emt 0:00:22]} 31. Bf3 {[%emt 0:00:54]} a3 {[%emt 0:00:26]} 32. Qb1 {[%emt 0:01:56]} Qb8 {[%emt 0:00:08]} 33. Qxb8 {[%emt 0:00:17]} Bxb8 {[%emt 0:00:04]} 34. Bc1 {[%emt 0:01:50]} Bd6 {[%emt 0:00:04]} 35. Kf1 {[%emt 0:01:09]} Ba4 {[%emt 0:12:18]} 36. Ke1 {[%emt 0:01:01]} Kf8 {[%emt 0:00:04]} 37. h3 {[%emt 0:03:58]} Ke8 {[%emt 0:04:30]} 38. Kd2 {[%emt 0:01:50]} Bf8 {[%emt 0:01:39]} 39. g4 {[%emt 0:00:59]} Nd7 {[%emt 0:03:34]} 40. Nxd7 {[%emt 0:05:42]} Kxd7 {[%emt 0:00:05]} 41. g5 {[%emt 0:32:31]} Kc6 {[%emt 0:35:39]} 42. e3 {[%emt 0:00:38]} Kb5 {[%emt 0:05:12]} 43. Bd1 {[%emt 0:00:00]} Bxd1 1/2-1/2

[Event "Vienna Chess Open 2019"]
[Site "Vienna"]
[Date "2019.08.24"]
[Round "9.12"]
[White "Dobrovoljc, Vid"]
[Black "Menezes, Christoph"]
[Result "1/2-1/2"]
[WhiteElo "2331"]
[BlackElo "2420"]
[Annotator "TA"]
[PlyCount "40"]
[EventDate "2019.08.17"]
[EventType "swiss"]
[EventCountry "AUT"]
[SourceTitle "playchess.com"]
[Source "ChessBase"]
[SourceQuality "1"]

{[%evp 20,40,17,18,26,26,20,22,9,8,28,32,16,-20,25,28,15,28,39,20,28,14,15]} 1. e4 e5 2. Nf3 Nc6 3. Bb5 a6 4. Ba4 Nf6 5. O-O Be7 6. Re1 b5 7. Bb3 d6 8. c3 O-O 9. h3 Bb7 10. d4 Nd7 11. Nbd2 {[%cal Bb1d2,Bd2f1,Bf1h2][%mdl 32]} exd4 {C92: Closed Ruy Lopez: 9...Be6, Karpov and Flohr-Zaitsev Variations} 12. cxd4 Re8 13. Nf1 Na5 14. Bc2 Bf6 15. Bf4 (15. Ne3 Bxe4 16. Bd2 Bxc2 17. Qxc2 Nc4 18. Nxc4 Rxe1+ 19. Rxe1 bxc4 20. Qxc4 {½-½ (60) Shankland,S (2671)-Bu,X (2725) Liaocheng 2018}) 15... Nf8 16. N1h2 Ne6 17. Bc1 $146 ({Predecessor:} 17. Bg3 c5 18. e5 dxe5 19. dxe5 {0-1 (45) Wyss,J (2246)-Esipenko,A (2492) Zuerich 2017}) 17... c5 {[%cal Rf6d4]} 18. d5 Nd4 19. Nxd4 Bxd4 20. Rb1 Nc4 1/2-1/2

[Event "Vienna Chess Open 2019"]
[Site "Vienna"]
[Date "2019.08.24"]
[Round "9.12"]
[White "Chittka, Julius"]
[Black "Schwabeneder, Florian"]
[Result "1/2-1/2"]
[WhiteElo "2317"]
[BlackElo "2404"]
[Annotator "TA"]
[PlyCount "85"]
[EventDate "2019.08.17"]
[EventType "swiss"]
[EventCountry "AUT"]
[SourceTitle "playchess.com"]
[Source "ChessBase"]
[SourceQuality "1"]

{[%evp 12,85,8,7,18,0,2,0,15,12,11,4,6,0,15,0,15,29,13,20,17,12,6,0,31,18,12,10,26,17,28,19,22,10,44,43,42,15,55,52,55,41,57,60,40,6,11,0,22,-8,-8,-10,-7,-18,-7,-10,-6,-10,-10,-13,0,0,0,-12,-11,-9,0,-25,-6,-38,0,0,0,0,29,0]} 1. d4 Nf6 2. c4 e6 3. Nc3 Bb4 4. e3 O-O 5. Bd3 d5 6. Nf3 b6 7. O-O $146 ({Predecessor:} 7. cxd5 exd5 8. O-O {½-½ (54) Mamedyarov,S (2736)-Carlsen,M (2850) Berlin 2015}) 7... Ba6 {E52: Nimzo-Indian: Rubinstein: 4...0-0 5 Nf3 d5 6 Bd3 b6} 8. cxd5 exd5 9. Bxa6 Nxa6 {The position is equal.} 10. Qd3 Qc8 11. Bd2 Re8 12. Rac1 Bf8 13. a3 c5 14. dxc5 Nxc5 15. Qc2 Qa6 16. b4 Ne6 17. Qa4 Qb7 18. Ne2 b5 19. Qb3 Ne4 20. Bc3 Rac8 21. Rfd1 Red8 22. Bb2 Rc4 23. Ne5 Rxc1 24. Nxc1 Be7 25. Ne2 h6 26. Nf3 (26. f3 {is more complex.} Nf6 27. Ng3 Rc8 28. Nf5 Bf8 29. Nd3) 26... Bf6 27. Bxf6 Nxf6 28. Ned4 Rc8 29. Qd3 a6 30. Nxe6 fxe6 31. Nd4 Kf7 32. f3 Qc7 33. Nb3 Qc3 34. Nc5 Qxd3 35. Rxd3 $11 {[%mdl 4096] Endgame KRN-KRN} a5 36. Kf2 Ke7 37. Ke2 axb4 38. axb4 Ra8 39. Rd2 Ra3 40. Rc2 Ra1 41. Nb3 Rb1 42. Nd4 Kd7 43. Nxb5 {Accuracy: White = 46%, Black = 48%.} 1/2-1/2